• 首页
  • 本馆介绍
  • 公告通知
  • 最新文献
  • 馆藏检索
  • 电子资源
  • 读者导购
  • 参考咨询
  • 我的图书馆
  • 登录
  • 详细信息显示
  • 放入我的书架
  • 预约/预借图书
  • 作者相关作品
  • 分类相关作品
  • 丛书相关作品
  • 出版社相关作品

书目信息

  • 表格格式
  • 工作单格式
  • 卡片格式
题名:
现代外国哲学
    
 
作者: 汝信 主编
分册: 10  
出版信息: 北京   人民出版社  1987
页数: 378页
开本: 20cm
丛书名:
单 册:
中图分类: B15
科图分类:
主题词: 哲学--世界--现代
电子资源:
ISBN: 7-01-000003-4
000 00596nam0 2200217 45
001 0187016679
005 20050321081802.2
010    @a7-01-000003-4@dCNY2.40
100    @a19900808d1987 em y0chiy0121 ea
101 0  @achi
102    @aCN@b110000
105    @ay z 000yy
200 10 @a现代外国哲学@Axian dai wai guo zhe xue@h10@f汝信主编@FRu Xin Zhu Bian
210    @a北京@c人民出版社@d1987
215    @a378页@d20cm
606    @a哲学@x世界@z现代
690    @aB15@v3
701  0 @a汝信@4主编
801  0 @aCN@b深圳图书馆@c20040508
801  2 @aCN@bNLC@c20040508
905    @dB15@e12:10@b202297@f1
    
    现代外国哲学.10/汝信主编.-北京:人民出版社,1987
    378页;20cm
    
    
    ISBN 7-01-000003-4:CNY2.40
    
●
相关链接 在E读中查询图书 在五车中查询图书 在当当中查询图书 在豆瓣中查询图书


正题名:现代外国哲学     索取号:B15/12:10         预约/预借

序号 登录号 条形码 馆藏地/架位号 状态 备注
1 0202296   001124713   密集书库/ [索取号:B15/12:10] 在馆    
2 0202297   001994587   密集书库/ [索取号:B15/12:10] 在馆    
3 0202298   001124722   第一样本阅览室/ [索取号:B15/12:10] 在馆    
唐山师范学院图书馆 欢迎您!
大连网信软件有限公司© 版权所有